| 000 | 00746nam a22002297a 4500 | ||
|---|---|---|---|
| 001 | 59067 | ||
| 003 | UA-OsUOA | ||
| 005 | 20231121132520.0 | ||
| 007 | ta | ||
| 008 | 20090305b un ||||| |||| 00| 0 ukr d | ||
| 020 | _a966-594-704-4 | ||
| 040 |
_aUA-OsUOA _bukr _cUA-OsUOA _dUA-OsUOA |
||
| 041 | _aukr | ||
| 080 | _a550.83(075.8) | ||
| 090 |
_a550.83(075.8) _bО-75 |
||
| 245 |
_aОснови геофізики (методи розвідувальної геофізики) _bМ. І. Толстой, А. П. Гожжик та ін. |
||
| 260 |
_aК. _bВПЦ "Київський університет" _c2006 |
||
| 300 | _a446 с. | ||
| 650 | 7 |
_a5 Математика. Природничі науки _2UDC |
|
| 942 |
_cBK _2udc |
||
| 955 | _a2 | ||
| 999 |
_c345156 _d345156 |
||